| 000 | 00624nam a2200205Ia 4500 | ||
|---|---|---|---|
| 005 | 20260601193248.0 | ||
| 008 | 260601s9999||||xx |||||||||||||| ||und|| | ||
| 020 |
_a978-981-97-3890-8 _qebk |
||
| 100 | _aXingwei Wang | ||
| 245 | 0 | _aFrontiers of Networking Technologies | |
| 250 | _a2024 | ||
| 260 |
_aHeidelberg, Germany _bSpringer Nature _c2024 |
||
| 440 | _aCommunications in Computer and Information Science | ||
| 650 | _aComputer Science | ||
| 700 | _aFan Wu | ||
| 700 | _aMingwei Xu | ||
| 700 | _aXiaoqiu Shi | ||
| 856 | _uhttps://link.springer.com/openurl?genre=book&isbn=978-981-97-3890-8 | ||
| 942 |
_cEB _2ddc |
||
| 999 |
_c56623 _d56623 |
||